[Event "Bundesliga 9899"]
[Site "Deutschland"]
[Date "1998.12.12"]
[Round "5.5"]
[White "Schwalfenberg, Joerg"]
[Black "Rogozenko, Dorian"]
[Result "1/2-1/2"]
[WhiteElo "2370"]
[BlackElo "2495"]
[PlyCount "108"]
[EventDate "1998.10.17"]
[EventType "team"]
[EventRounds "15"]
[EventCountry "GER"]
[SourceTitle "Bundesliga 9899"]
[Source "DeepChess"]
[SourceDate "2005.01.01"]
[SourceVersion "1"]
[SourceVersionDate "2005.01.01"]
[SourceQuality "1"]
[WhiteTeam "SK Viernheim"]
[BlackTeam "USC Magdeburg"]
[WhiteTeamCountry "GER"]
[BlackTeamCountry "GER"]

1. d4 d5 2. Nf3 Nf6 3. c4 c6 4. e3 Bf5 5. Nc3 e6 6. Bd3 Bxd3 7. Qxd3 Nbd7 8.
O-O Bb4 9. Bd2 a5 10. Rfd1 O-O 11. Ne2 Bd6 12. Nc3 Bb4 13. Ne2 Bxd2 14. Nxd2 e5
15. cxd5 Nxd5 16. e4 Nb4 17. Qc3 exd4 18. Nxd4 Qf6 19. N2f3 Ne5 20. a3 Nxf3+
21. gxf3 Na6 22. Qxa5 c5 23. Nf5 g6 24. Qc3 Qxc3 25. Ne7+ Kg7 26. bxc3 Nc7 27.
Rd7 Nb5 28. Nd5 Nxa3 29. Rxb7 Nc4 30. Rxa8 Rxa8 31. Rc7 Ra5 32. f4 Nd2 33. e5
c4 34. Ne3 Kf8 35. Nxc4 Nxc4 36. Rxc4 Ke7 37. Kg2 Ra2 38. Kf3 h5 39. h3 Rc2 40.
Rc6 Rc1 41. Rc7+ Ke6 42. Rc6+ Ke7 43. f5 gxf5 44. Kf4 Rh1 45. Kxf5 Rxh3 46. f4
Rg3 47. Rc7+ Kf8 48. c4 h4 49. Rd7 h3 50. Rd2 Ke7 51. Rh2 Rc3 52. c5 f6 53. c6
fxe5 54. fxe5 Rxc6 1/2-1/2

[Event "Bundesliga 9899"]
[Site "Deutschland"]
[Date "1998.12.12"]
[Round "5.6"]
[White "Proehl, Holger"]
[Black "Mandel, Andreas"]
[Result "1-0"]
[WhiteElo "2395"]
[BlackElo "2340"]
[PlyCount "49"]
[EventDate "1998.10.17"]
[EventType "team"]
[EventRounds "15"]
[EventCountry "GER"]
[SourceTitle "Bundesliga 9899"]
[Source "DeepChess"]
[SourceDate "2005.01.01"]
[SourceVersion "1"]
[SourceVersionDate "2005.01.01"]
[SourceQuality "1"]
[WhiteTeam "USC Magdeburg"]
[BlackTeam "SK Viernheim"]
[WhiteTeamCountry "GER"]
[BlackTeamCountry "GER"]

1. e4 c5 2. c3 Nf6 3. e5 Nd5 4. g3 d6 5. exd6 e6 6. Bg2 Bxd6 7. Nf3 Nc6 8. O-O
O-O 9. d4 cxd4 10. Nxd4 Nde7 11. Nf3 Ne5 12. Nxe5 Bxe5 13. Qe2 Qc7 14. Na3 Nc6
15. Re1 Bf6 16. Nb5 Qb8 17. Be3 a6 18. Na3 Qc7 19. Nc4 e5 20. Bc5 Re8 21. Nb6
Rb8 22. Nd5 Qd7 23. Rad1 Bd8 24. Nb4 Qe6 25. Rd6 1-0

[Event "Bundesliga 9899"]
[Site "Deutschland"]
[Date "1998.12.12"]
[Round "5.7"]
[White "Grund, Holger"]
[Black "Naumann, Alexander"]
[Result "1/2-1/2"]
[WhiteElo "2340"]
[BlackElo "2375"]
[PlyCount "120"]
[EventDate "1998.10.17"]
[EventType "team"]
[EventRounds "15"]
[EventCountry "GER"]
[SourceTitle "Bundesliga 9899"]
[Source "DeepChess"]
[SourceDate "2005.01.01"]
[SourceVersion "1"]
[SourceVersionDate "2005.01.01"]
[SourceQuality "1"]
[WhiteTeam "SK Viernheim"]
[BlackTeam "USC Magdeburg"]
[WhiteTeamCountry "GER"]
[BlackTeamCountry "GER"]

1. e4 c5 2. Nf3 d6 3. d4 Nf6 4. Nc3 cxd4 5. Qxd4 a6 6. Bg5 Nc6 7. Qd2 e6 8.
O-O-O Be7 9. h3 b5 10. Bd3 Bb7 11. Kb1 Rc8 12. Rhe1 O-O 13. Ne2 Qb6 14. Be3 Qa5
15. Qxa5 Nxa5 16. Ng3 g6 17. b3 Nd7 18. Bf1 h5 19. Bf4 e5 20. Bg5 f6 21. Bd2
Nc6 22. Ne2 f5 23. Bh6 fxe4 24. Bxf8 Nxf8 25. Nd2 Nb4 26. Rc1 Bg5 27. Red1 e3
28. fxe3 Bxe3 29. a3 Nc6 30. Ne4 Bxc1 31. Kxc1 Nd4 32. Nxd6 Rxc2+ 33. Kb1 Rxe2
34. Bxe2 Nxe2 35. Re1 Bxg2 36. Rxe2 Bxh3 37. Rxe5 Be6 38. Kc2 h4 39. Ne4 Bf5
40. Kd2 Nd7 41. Re8+ Kf7 42. Nd6+ Kf6 43. Ke3 g5 44. Ra8 Bc2 45. Rxa6 Bxb3 46.
Nxb5+ Ke5 47. Nd4 Bd5 48. Rg6 h3 49. Rxg5+ Kd6 50. Rh5 Bg2 51. a4 Nf6 52. Rh6
Kc5 53. Ne6+ Kb4 54. Rh4+ Ka5 55. Kf4 Ne4 56. Ke5 Nd2 57. Ng5 Nf3+ 58. Nxf3
Bxf3 59. Rxh3 Bd1 60. Kd5 Bxa4 1/2-1/2

[Event "Bundesliga 9899"]
[Site "Deutschland"]
[Date "1998.12.12"]
[Round "5.8"]
[White "Darnstaedt, Frank"]
[Black "Kratochwil, Christian"]
[Result "1-0"]
[WhiteElo "2285"]
[BlackElo "2250"]
[PlyCount "153"]
[EventDate "1998.10.17"]
[EventType "team"]
[EventRounds "15"]
[EventCountry "GER"]
[SourceTitle "Bundesliga 9899"]
[Source "DeepChess"]
[SourceDate "2005.01.01"]
[SourceVersion "1"]
[SourceVersionDate "2005.01.01"]
[SourceQuality "1"]
[WhiteTeam "USC Magdeburg"]
[BlackTeam "SK Viernheim"]
[WhiteTeamCountry "GER"]
[BlackTeamCountry "GER"]

1. e4 c5 2. c3 d5 3. exd5 Qxd5 4. d4 e6 5. Nf3 Nf6 6. Nbd2 Be7 7. Bc4 Qd8 8.
O-O O-O 9. Qe2 Nc6 10. dxc5 Bxc5 11. Ne4 Nxe4 12. Qxe4 Re8 13. Ng5 g6 14. Qh4
h5 15. Qf4 Rf8 16. Ne4 Be7 17. Be3 Qa5 18. Nf6+ Bxf6 19. Qxf6 Qf5 20. Bg5 Ne5
21. Qxf5 exf5 22. Bd5 Kg7 23. Be3 Kg8 24. b4 a5 25. a3 Rd8 26. Rad1 axb4 27.
axb4 Ra3 28. Bf4 Nd7 29. c4 Re8 30. Bxb7 Bxb7 31. Rxd7 Bc8 32. Rc7 Rb3 33. Bd6
Be6 34. h3 Rd8 35. Be7 Rd4 36. Rc1 Kg7 37. b5 f4 38. b6 Rd2 39. Bc5 g5 40. Rc6
g4 41. hxg4 hxg4 42. Bd6 g3 43. Bxf4 gxf2+ 44. Kf1 Ra2 45. Rxe6 fxe6 46. c5 Ra8
47. Bc7 Kf6 48. Rc2 Ke7 49. Rd2 Ra1+ 50. Kxf2 Rc1 51. Bf4 Rcc3 52. Bd6+ Kf6 53.
Ra2 Rb5 54. Re2 Kf7 55. Ra2 Kf6 56. Re2 Kf7 57. Kg1 Rc4 58. Rf2+ Kg6 59. Re2
Kf7 60. g3 Kf6 61. Kg2 Rb3 62. Rf2+ Kg6 63. Rf8 Rb5 64. Re8 Kf5 65. Re7 Rcxc5
66. Bxc5 Rxc5 67. Rb7 Rb5 68. Rb8 Kg6 69. Kf3 Rb4 70. Ke3 Kf5 71. b7 Ke5 72. g4
Rb3+ 73. Kd2 Kd6 74. Rd8+ Kc7 75. b8=Q+ Rxb8 76. Rxb8 Kxb8 77. g5 1-0

[Event "Bundesliga 9899"]
[Site "Deutschland"]
[Date "1998.12.13"]
[Round "6.2"]
[White "Hodgson, Julian M"]
[Black "Krasenkow, Michal"]
[Result "1/2-1/2"]
[WhiteElo "2575"]
[BlackElo "2660"]
[PlyCount "37"]
[EventDate "1998.10.17"]
[EventType "team"]
[EventRounds "15"]
[EventCountry "GER"]
[SourceTitle "Bundesliga 9899"]
[Source "DeepChess"]
[SourceDate "2005.01.01"]
[SourceVersion "1"]
[SourceVersionDate "2005.01.01"]
[SourceQuality "1"]
[WhiteTeam "Delmenhorster SK 1931"]
[BlackTeam "SG Bochum 31"]
[WhiteTeamCountry "GER"]
[BlackTeamCountry "GER"]

1. d4 d5 2. Bg5 h6 3. Bh4 c6 4. Nf3 Qb6 5. Qc1 g5 6. Bg3 g4 7. Ne5 Qxd4 8. c4
Bg7 9. e3 Qc5 10. Nd2 Nd7 11. Nd3 Qb6 12. a4 Nc5 13. cxd5 Nxd3+ 14. Bxd3 cxd5
15. Bb5+ Kf8 16. O-O a6 17. e4 Be6 18. exd5 Bxd5 19. Bc4 1/2-1/2

[Event "Bundesliga 9899"]
[Site "Deutschland"]
[Date "1998.12.13"]
[Round "6.3"]
[White "Keitlinghaus, Ludger"]
[Black "Agdestein, Simen"]
[Result "0-1"]
[WhiteElo "2500"]
[BlackElo "2570"]
[PlyCount "84"]
[EventDate "1998.10.17"]
[EventType "team"]
[EventRounds "15"]
[EventCountry "GER"]
[SourceTitle "Bundesliga 9899"]
[Source "DeepChess"]
[SourceDate "2005.01.01"]
[SourceVersion "1"]
[SourceVersionDate "2005.01.01"]
[SourceQuality "1"]
[WhiteTeam "SG Bochum 31"]
[BlackTeam "Delmenhorster SK 1931"]
[WhiteTeamCountry "GER"]
[BlackTeamCountry "GER"]

1. e4 Nf6 2. e5 Nd5 3. d4 d6 4. Nf3 c6 5. Be2 dxe5 6. Nxe5 g6 7. Bf3 Bg7 8. Qe2
Nd7 9. O-O Nxe5 10. dxe5 Qc7 11. Re1 Be6 12. Bxd5 Bxd5 13. Nd2 O-O-O 14. Nf1
Be6 15. a4 Rd5 16. f4 g5 17. Qf2 gxf4 18. Bxf4 Qb6 19. Ne3 Ra5 20. c3 Qa6 21.
Nc2 Rxa4 22. Rxa4 Qxa4 23. Ra1 Qe4 24. Rxa7 Rd8 25. Ra8+ Kc7 26. Ra1 Bxe5 27.
Bxe5+ Qxe5 28. Nd4 Bd5 29. Re1 Qg5 30. h4 Qf6 31. Qg3+ Kc8 32. Qg4+ e6 33. h5
Qh8 34. Ra1 Kb8 35. Nf3 e5 36. Qf5 f6 37. Nh4 Qg7 38. Rd1 Rg8 39. c4 Bxg2 40.
Rd7 Qg3 41. Rxb7+ Kxb7 42. Qd7+ Ka8 0-1

[Event "Bundesliga 9899"]
[Site "Deutschland"]
[Date "1998.12.13"]
[Round "6.4"]
[White "Conquest, Stuart"]
[Black "Bosch, Jeroen"]
[Result "1-0"]
[WhiteElo "2480"]
[BlackElo "2460"]
[PlyCount "79"]
[EventDate "1998.10.17"]
[EventType "team"]
[EventRounds "15"]
[EventCountry "GER"]
[SourceTitle "Bundesliga 9899"]
[Source "DeepChess"]
[SourceDate "2005.01.01"]
[SourceVersion "1"]
[SourceVersionDate "2005.01.01"]
[SourceQuality "1"]
[WhiteTeam "Delmenhorster SK 1931"]
[BlackTeam "SG Bochum 31"]
[WhiteTeamCountry "GER"]
[BlackTeamCountry "GER"]

1. d4 f5 2. Bg5 g6 3. Nd2 Bg7 4. c3 Nf6 5. h4 d6 6. Bxf6 Bxf6 7. e4 f4 8. Qb3
e5 9. dxe5 dxe5 10. g3 Qe7 11. Bh3 Nd7 12. Qc2 O-O 13. Ngf3 b6 14. O-O-O Bb7
15. gxf4 exf4 16. h5 g5 17. Rhg1 h6 18. Nh4 Ne5 19. Nc4 Rfd8 20. Nxe5 Bxe5 21.
Qb3+ Kh7 22. Ng6 Qf6 23. Bf5 Kg7 24. Qb5 Bd6 25. Rd2 a6 26. Qe2 Re8 27. Re1
Rad8 28. Qg4 Ba3 29. e5 Qc6 30. Rc2 Bc5 31. Be4 Qxe4 32. Rxe4 Bxe4 33. Rd2 Rxd2
34. Kxd2 Rd8+ 35. Ke1 Kf7 36. b4 Be7 37. Nxf4 Bc2 38. Qe6+ Ke8 39. Nd5 Rd7 40.
Nf6+ 1-0

[Event "Bundesliga 9899"]
[Site "Deutschland"]
[Date "1998.12.13"]
[Round "6.5"]
[White "Reschke, Stefan"]
[Black "Gisbrecht, Ewgeni"]
[Result "1/2-1/2"]
[WhiteElo "2380"]
[BlackElo "2415"]
[PlyCount "136"]
[EventDate "1998.10.17"]
[EventType "team"]
[EventRounds "15"]
[EventCountry "GER"]
[SourceTitle "Bundesliga 9899"]
[Source "DeepChess"]
[SourceDate "2005.01.01"]
[SourceVersion "1"]
[SourceVersionDate "2005.01.01"]
[SourceQuality "1"]
[WhiteTeam "SG Bochum 31"]
[BlackTeam "Delmenhorster SK 1931"]
[WhiteTeamCountry "GER"]
[BlackTeamCountry "GER"]

1. d4 d5 2. c4 c6 3. Nc3 Nf6 4. Nf3 a6 5. c5 g6 6. h3 Bg7 7. Bf4 O-O 8. e3 Nbd7
9. Be2 b6 10. b4 a5 11. a3 Ne4 12. Na4 axb4 13. axb4 bxc5 14. Nxc5 Rxa1 15.
Qxa1 Ndxc5 16. bxc5 Nxc5 17. Qa7 Ne6 18. Be5 f6 19. Bg3 Qd7 20. Qa3 c5 21. dxc5
Qc6 22. O-O Qxc5 23. Qxc5 Nxc5 24. Nd2 Be6 25. Rc1 Rc8 26. Bf3 f5 27. Nb3 Ne4
28. Rxc8+ Bxc8 29. Bc7 e5 30. Nc1 Kf7 31. Nd3 Ke6 32. Bd1 Ba6 33. Bc2 Bb5 34.
Bb8 Bf6 35. f4 Bxd3 36. Bxd3 exf4 37. Bxf4 Be5 38. Bh6 Bb2 39. Bxe4 fxe4 40.
Kf2 Kf5 41. Ke2 Bf6 42. g4+ Ke6 43. Bf8 d4 44. exd4 Kd5 45. Ba3 Bxd4 46. Bc1
Ke5 47. Bg5 Bc5 48. Kd2 Bf2 49. Ke2 Bg1 50. Bh6 Bb6 51. Bg5 Bc5 52. Kd2 Bf8 53.
Ke2 Bg7 54. Bc1 Bf6 55. Bb2+ Ke6 56. Bc1 Be7 57. Bb2 Bg5 58. Bc3 Kd5 59. Ba5
Bf4 60. Bb6 Bd6 61. Be3 Be7 62. Bf4 Bd8 63. Bh6 Ke5 64. Bd2 g5 65. Bc1 Be7 66.
Bd2 h6 67. Bc3+ Kf4 68. Bg7 Kg3 1/2-1/2

[Event "Bundesliga 9899"]
[Site "Deutschland"]
[Date "1998.12.13"]
[Round "6.6"]
[White "Beckemeier, Werner"]
[Black "Ellers, Holger"]
[Result "1/2-1/2"]
[WhiteElo "2380"]
[BlackElo "2450"]
[PlyCount "35"]
[EventDate "1998.10.17"]
[EventType "team"]
[EventRounds "15"]
[EventCountry "GER"]
[SourceTitle "Bundesliga 9899"]
[Source "DeepChess"]
[SourceDate "2005.01.01"]
[SourceVersion "1"]
[SourceVersionDate "2005.01.01"]
[SourceQuality "1"]
[WhiteTeam "Delmenhorster SK 1931"]
[BlackTeam "SG Bochum 31"]
[WhiteTeamCountry "GER"]
[BlackTeamCountry "GER"]

1. Nf3 e6 2. g3 Nf6 3. Bg2 d5 4. O-O Be7 5. c4 O-O 6. b3 a5 7. Qc2 a4 8. bxa4
Nbd7 9. cxd5 exd5 10. Nc3 c6 11. d3 Nc5 12. Ba3 Re8 13. Rab1 Qa5 14. Bb4 Qa7
15. a5 Ncd7 16. e4 dxe4 17. dxe4 Bxb4 18. Rxb4 1/2-1/2

[Event "Bundesliga 9899"]
[Site "Deutschland"]
[Date "1998.12.13"]
[Round "6.7"]
[White "Backwinkel, Paul"]
[Black "Breutigam, Martin"]
[Result "1/2-1/2"]
[WhiteElo "2395"]
[BlackElo "2360"]
[PlyCount "103"]
[EventDate "1998.10.17"]
[EventType "team"]
[EventRounds "15"]
[EventCountry "GER"]
[SourceTitle "Bundesliga 9899"]
[Source "DeepChess"]
[SourceDate "2005.01.01"]
[SourceVersion "1"]
[SourceVersionDate "2005.01.01"]
[SourceQuality "1"]
[WhiteTeam "SG Bochum 31"]
[BlackTeam "Delmenhorster SK 1931"]
[WhiteTeamCountry "GER"]
[BlackTeamCountry "GER"]

1. d4 f5 2. Bg5 Nf6 3. Bxf6 exf6 4. e3 d5 5. Nd2 Bd6 6. Bd3 Nc6 7. c3 Be6 8.
Qf3 Qd7 9. Ne2 g5 10. Qh5+ Bf7 11. Qh3 Ne7 12. O-O h5 13. f4 h4 14. fxg5 Bh5
15. gxf6 Bg4 16. Bxf5 Bxf5 17. Qf3 Bg4 18. f7+ Kf8 19. Qf6 Rh7 20. Rae1 Qe6 21.
Qf2 Bxe2 22. Qxe2 h3 23. g3 Rxf7 24. e4 Ng6 25. Qb5 dxe4 26. Rxe4 Rxf1+ 27.
Qxf1+ Qf7 28. Qxh3 Kg7 29. Qe6 Rf8 30. Qxf7+ Rxf7 31. Kg2 b5 32. Nf3 Re7 33.
Ng5 a5 34. b3 Kf6 35. h4 Ba3 36. Kf3 Bb2 37. c4 b4 38. Rxe7 Nxe7 39. Ne4+ Kg6
40. d5 Nf5 41. Kf4 Nd4 42. Nc5 Ne2+ 43. Kf3 Nc1 44. Nb7 a4 45. bxa4 Nxa2 46.
Nc5 Nc1 47. Ke4 b3 48. a5 Bc3 49. Na4 Bxa5 50. c5 Ne2 51. Kd3 Nxg3 52. Kc4
1/2-1/2

[Event "Bundesliga 9899"]
[Site "Deutschland"]
[Date "1998.12.13"]
[Round "6.1"]
[White "Adams, Michael"]
[Black "Bologan, Viktor"]
[Result "1-0"]
[WhiteElo "2670"]
[BlackElo "2580"]
[PlyCount "81"]
[EventDate "1998.10.17"]
[EventType "team"]
[EventRounds "15"]
[EventCountry "GER"]
[SourceTitle "Bundesliga 9899"]
[Source "DeepChess"]
[SourceDate "2005.01.01"]
[SourceVersion "1"]
[SourceVersionDate "2005.01.01"]
[SourceQuality "1"]
[WhiteTeam "SG 1868 Aljech. Solingen"]
[BlackTeam "Dresdner SC 1898"]
[WhiteTeamCountry "GER"]
[BlackTeamCountry "GER"]

1. e4 g6 2. d4 Bg7 3. Nc3 c6 4. Nf3 d5 5. h3 Nf6 6. e5 Ne4 7. Nxe4 dxe4 8. Ng5
c5 9. d5 Bxe5 10. Nxe4 Nd7 11. c3 O-O 12. Bh6 Re8 13. Bb5 a6 14. Bxd7 Bxd7 15.
O-O Qc7 16. Re1 Rad8 17. Qf3 Bf5 18. Ng5 Bf6 19. Re2 c4 20. Rae1 Qd7 21. g4 Bd3
22. Re3 Bxg5 23. Bxg5 f6 24. Bh6 Kf7 25. Re5 Kg8 26. Re6 Qxd5 27. Qxd5 Rxd5 28.
Rxe7 Rxe7 29. Rxe7 Ra5 30. Rg7+ Kf8 31. Rxg6+ Ke7 32. Rg7+ Ke6 33. Rxb7 Rxa2
34. Rb6+ Kf7 35. Be3 Ra5 36. Kh2 h5 37. Bd4 f5 38. g5 Rb5 39. g6+ Kg8 40. Rxa6
Rb8 41. Kg3 1-0

[Event "Bundesliga 9899"]
[Site "Deutschland"]
[Date "1998.12.13"]
[Round "6.3"]
[White "Nikolic, Predrag"]
[Black "Boensch, Uwe"]
[Result "1/2-1/2"]
[WhiteElo "2635"]
[BlackElo "2545"]
[PlyCount "89"]
[EventDate "1998.10.17"]
[EventType "team"]
[EventRounds "15"]
[EventCountry "GER"]
[SourceTitle "Bundesliga 9899"]
[Source "DeepChess"]
[SourceDate "2005.01.01"]
[SourceVersion "1"]
[SourceVersionDate "2005.01.01"]
[SourceQuality "1"]
[WhiteTeam "SG 1868 Aljech. Solingen"]
[BlackTeam "Dresdner SC 1898"]
[WhiteTeamCountry "GER"]
[BlackTeamCountry "GER"]

1. d4 Nf6 2. c4 e6 3. Nf3 d5 4. Nc3 Be7 5. Bg5 h6 6. Bxf6 Bxf6 7. e3 O-O 8. Qb3
c6 9. Rd1 Nd7 10. Bd3 Rb8 11. Qc2 b6 12. O-O Ba6 13. b3 Rc8 14. e4 Qc7 15. Qe2
Bb7 16. b4 Rfd8 17. e5 Be7 18. c5 a5 19. a3 Ra8 20. Rb1 axb4 21. axb4 Ra3 22.
Rfc1 Rda8 23. h4 bxc5 24. bxc5 Ba6 25. Bxa6 R8xa6 26. Nd1 Ra2 27. Rc2 Qa7 28.
Ne3 Ra1 29. Rcb2 Rxb1+ 30. Rxb1 Ra2 31. Qd3 Ra3 32. Qc2 Ra1 33. g3 Bd8 34. Rxa1
Qxa1+ 35. Kg2 Qa6 36. Ne1 Qb5 37. Nd3 Nb8 38. Nf4 Nd7 39. Ng4 Nf8 40. Nh5 Ng6
41. Qd2 Qb1 42. Nxg7 Nxh4+ 43. gxh4 Qg6 44. Kh3 Kxg7 45. Qf4 1/2-1/2

[Event "Bundesliga 9899"]
[Site "Deutschland"]
[Date "1998.12.13"]
[Round "6.4"]
[White "Tischbierek, Raj"]
[Black "Huebner, Robert"]
[Result "0-1"]
[WhiteElo "2525"]
[BlackElo "2560"]
[PlyCount "58"]
[EventDate "1998.10.17"]
[EventType "team"]
[EventRounds "15"]
[EventCountry "GER"]
[SourceTitle "Bundesliga 9899"]
[Source "DeepChess"]
[SourceDate "2005.01.01"]
[SourceVersion "1"]
[SourceVersionDate "2005.01.01"]
[SourceQuality "1"]
[WhiteTeam "Dresdner SC 1898"]
[BlackTeam "SG 1868 Aljech. Solingen"]
[WhiteTeamCountry "GER"]
[BlackTeamCountry "GER"]

1. g3 d5 2. Bg2 Nf6 3. d3 e5 4. Nf3 Nc6 5. O-O Be7 6. Nbd2 O-O 7. e4 dxe4 8.
dxe4 Be6 9. c3 Nd7 10. b4 a5 11. b5 Na7 12. Qe2 c6 13. a4 Qc7 14. Bb2 Nc8 15.
c4 Ncb6 16. c5 Bxc5 17. Ng5 Qd6 18. Rfd1 Qe7 19. Qh5 Nf6 20. Qh4 Bd7 21. Nb3
Bd6 22. f4 Nc4 23. Bc3 Bg4 24. Rxd6 Qxd6 25. Bf1 cxb5 26. Bxc4 Qb6+ 27. Kh1 h6
28. Rf1 bxc4 29. fxe5 hxg5 0-1

[Event "Bundesliga 9899"]
[Site "Deutschland"]
[Date "1998.12.13"]
[Round "6.5"]
[White "Piket, Jeroen"]
[Black "Uhlmann, Wolfgang"]
[Result "1/2-1/2"]
[WhiteElo "2575"]
[BlackElo "2495"]
[PlyCount "64"]
[EventDate "1998.10.17"]
[EventType "team"]
[EventRounds "15"]
[EventCountry "GER"]
[SourceTitle "Bundesliga 9899"]
[Source "DeepChess"]
[SourceDate "2005.01.01"]
[SourceVersion "1"]
[SourceVersionDate "2005.01.01"]
[SourceQuality "1"]
[WhiteTeam "SG 1868 Aljech. Solingen"]
[BlackTeam "Dresdner SC 1898"]
[WhiteTeamCountry "GER"]
[BlackTeamCountry "GER"]

1. d4 Nf6 2. c4 g6 3. Nc3 Bg7 4. e4 d6 5. Nf3 O-O 6. Be2 e5 7. O-O Nc6 8. d5
Ne7 9. Ne1 Nd7 10. Be3 f5 11. f3 Kh8 12. b4 Nf6 13. c5 Rf7 14. a4 Neg8 15. a5
f4 16. Bf2 Bf8 17. cxd6 Bxd6 18. Nd3 g5 19. Nb5 g4 20. Bh4 Qe8 21. Nxd6 cxd6
22. Nf2 gxf3 23. Bxf3 Qf8 24. Qe2 Qh6 25. Bxf6+ Nxf6 26. Rfc1 Bd7 27. Rc7 Rb8
28. a6 Bb5 29. Qc2 Qg7 30. Rc8+ Rf8 31. Rc7 Rf7 32. Rc8+ Rf8 1/2-1/2

[Event "Bundesliga 9899"]
[Site "Deutschland"]
[Date "1998.12.13"]
[Round "6.7"]
[White "Gabriel, Christian"]
[Black "Gauglitz, Gernot"]
[Result "1-0"]
[WhiteElo "2555"]
[BlackElo "2400"]
[PlyCount "53"]
[EventDate "1998.10.17"]
[EventType "team"]
[EventRounds "15"]
[EventCountry "GER"]
[SourceTitle "Bundesliga 9899"]
[Source "DeepChess"]
[SourceDate "2005.01.01"]
[SourceVersion "1"]
[SourceVersionDate "2005.01.01"]
[SourceQuality "1"]
[WhiteTeam "SG 1868 Aljech. Solingen"]
[BlackTeam "Dresdner SC 1898"]
[WhiteTeamCountry "GER"]
[BlackTeamCountry "GER"]

1. Nf3 Nf6 2. c4 c6 3. d4 d5 4. Nc3 g6 5. Bg5 Ne4 6. Bf4 Nxc3 7. bxc3 Bg7 8. e3
O-O 9. h3 Qa5 10. Qb3 Nd7 11. a4 dxc4 12. Bxc4 b5 13. Bd3 Nb6 14. O-O Nxa4 15.
c4 a6 16. Rfc1 Ra7 17. Ne5 Bxe5 18. Bxe5 Qd8 19. Qc2 Bd7 20. h4 Be8 21. h5 f6
22. Bg3 e5 23. cxb5 cxb5 24. dxe5 f5 25. e6 Qd5 26. Be2 Qxe6 27. Rxa4 1-0

[Event "Bundesliga 9899"]
[Site "Deutschland"]
[Date "1998.12.13"]
[Round "6.8"]
[White "Wichmann, Cliff"]
[Black "Kasimdzhanov, Rustam"]
[Result "0-1"]
[WhiteElo "2225"]
[BlackElo "2565"]
[PlyCount "68"]
[EventDate "1998.10.17"]
[EventType "team"]
[EventRounds "15"]
[EventCountry "GER"]
[SourceTitle "Bundesliga 9899"]
[Source "DeepChess"]
[SourceDate "2005.01.01"]
[SourceVersion "1"]
[SourceVersionDate "2005.01.01"]
[SourceQuality "1"]
[WhiteTeam "Dresdner SC 1898"]
[BlackTeam "SG 1868 Aljech. Solingen"]
[WhiteTeamCountry "GER"]
[BlackTeamCountry "GER"]

1. d4 Nf6 2. Nf3 g6 3. c4 Bg7 4. Nc3 O-O 5. e4 d6 6. Be2 e5 7. O-O Nc6 8. d5
Ne7 9. b4 a5 10. bxa5 c5 11. dxc6 bxc6 12. Bg5 h6 13. Bxf6 Bxf6 14. Qd2 Kg7 15.
c5 dxc5 16. Qc2 Qxa5 17. Nd1 Nd5 18. exd5 e4 19. Ne3 exf3 20. Bxf3 Bxa1 21.
Rxa1 cxd5 22. Qb2+ f6 23. Nxd5 Ra7 24. h4 Be6 25. h5 Bxd5 26. Bxd5 Re8 27. Qb1
gxh5 28. g3 Qc3 29. Qf1 Rae7 30. Kg2 h4 31. Rc1 Qd2 32. Rd1 Qg5 33. Bf3 Qf5 34.
gxh4 Kh8 0-1

[Event "Bundesliga 9899"]
[Site "Deutschland"]
[Date "1998.12.13"]
[Round "6.2"]
[White "Van Wely, Loek"]
[Black "Casper, Thomas"]
[Result "1-0"]
[WhiteElo "2605"]
[BlackElo "2415"]
[PlyCount "79"]
[EventDate "1998.10.17"]
[EventType "team"]
[EventRounds "15"]
[EventCountry "GER"]
[SourceTitle "Bundesliga 9899"]
[Source "DeepChess"]
[SourceDate "2005.01.01"]
[SourceVersion "1"]
[SourceVersionDate "2005.01.01"]
[SourceQuality "1"]
[WhiteTeam "SG Porz e.V."]
[BlackTeam "Erfurter SK"]
[WhiteTeamCountry "GER"]
[BlackTeamCountry "GER"]

1. d4 Nf6 2. c4 d6 3. Nf3 Nbd7 4. Nc3 e5 5. e4 g6 6. Be2 Bg7 7. O-O O-O 8. Qc2
c6 9. d5 c5 10. g3 Qe7 11. Nh4 Kh8 12. Bg5 Nb6 13. a3 Bh3 14. Rfe1 Rac8 15.
Rab1 Qc7 16. Qd2 a6 17. b3 Nbd7 18. f3 Ng8 19. Nd1 Ndf6 20. b4 b6 21. a4 Bd7
22. a5 bxa5 23. bxc5 Qxc5+ 24. Nf2 Rb8 25. Be3 Qc7 26. Nd3 Ne8 27. Rxb8 Qxb8
28. Qxa5 Bh6 29. Bxh6 Nxh6 30. Qxa6 f5 31. c5 dxc5 32. Qa1 Nf7 33. f4 fxe4 34.
Nxe5 Nxe5 35. fxe5 Kg8 36. Bc4 Qb4 37. Rxe4 Bb5 38. Qc1 Kg7 39. d6 Rf7 40. Bd5
1-0

[Event "Bundesliga 9899"]
[Site "Deutschland"]
[Date "1998.12.13"]
[Round "6.4"]
[White "Timman, Jan H"]
[Black "Enders, Peter"]
[Result "0-1"]
[WhiteElo "2635"]
[BlackElo "2525"]
[PlyCount "92"]
[EventDate "1998.10.17"]
[EventType "team"]
[EventRounds "15"]
[EventCountry "GER"]
[SourceTitle "Bundesliga 9899"]
[Source "DeepChess"]
[SourceDate "2005.01.01"]
[SourceVersion "1"]
[SourceVersionDate "2005.01.01"]
[SourceQuality "1"]
[WhiteTeam "SG Porz e.V."]
[BlackTeam "Erfurter SK"]
[WhiteTeamCountry "GER"]
[BlackTeamCountry "GER"]

1. d4 Nf6 2. c4 g6 3. Nf3 Bg7 4. g3 O-O 5. Bg2 d5 6. cxd5 Nxd5 7. O-O c6 8. h3
Nd7 9. e4 N5b6 10. Qe2 e5 11. Rd1 exd4 12. Nxd4 Qe7 13. Nc3 Re8 14. Be3 Nc5 15.
Rac1 Be6 16. b3 Rad8 17. Qc2 Bc8 18. f4 Ne6 19. Nde2 Rxd1+ 20. Nxd1 Rd8 21. Nf2
f5 22. e5 Bf8 23. a4 Qa3 24. Nd1 Nc7 25. Ndc3 Bc5 26. Bxc5 Qxc5+ 27. Kh2 Be6
28. Rd1 Rxd1 29. Qxd1 Nbd5 30. Qd3 Kf7 31. Nd1 Ke7 32. Nd4 Bf7 33. Ne3 Nxe3 34.
Qxe3 Ne6 35. Nxc6+ bxc6 36. Qd2 a5 37. Qd3 Be8 38. Qa6 Bd7 39. Qa8 g5 40. Qh8
gxf4 41. Qxh7+ Kd8 42. Qxf5 fxg3+ 43. Kxg3 Qe3+ 44. Bf3 Qg1+ 45. Bg2 Qe3+ 46.
Bf3 Ng5 0-1